| 000 | 00467nam a22001697a 4500 | ||
|---|---|---|---|
| 003 | NUST - PNEC | ||
| 005 | 20170116181158.0 | ||
| 008 | 160121b xxu||||| |||| 00| 0 eng d | ||
| 020 | _a9780819475336 | ||
| 040 | _cLIBRARY | ||
| 082 | _a616.07 HSI | ||
| 100 |
_916159 _aHsieh, Jiang |
||
| 245 |
_aComputed tomography : principles, design, artifacts, and recent advances _cJiang Hsieh, |
||
| 260 | _cc2009. | ||
| 650 |
_916160 _aTomography _xME |
||
| 942 |
_2ddc _cBK |
||
| 999 |
_c71336 _d71336 |
||